000 00575nam a22002177a 4500
003 OSt
005 20250808161336.0
008 250723s2022 ag o|||| |||| 00| 1 spa d
020 _a978-987-1912-32-2
040 _cbesoc
080 _082-94
100 _aAlzari, Agustín,
_eautor
_d1979-
245 _aLa internacional entrerriana /
_cAgustín Alzari.
250 _a1ª ed.
260 _aRosario :
_bEditorial Municipal,
_c2002.
300 _a83 p. :
_bfot. ;
_c17 cm.
648 4 _aSiglo XXI
650 4 _aLiteratura argentina
650 4 _aCrónica
942 _2udc
_cLPD
_n0
999 _c535
_d535